LEADER 01063cam0-22003491i-450- 001 990007020790403321 005 20070704100154.0 010 $a0-471-34846-5 035 $a000702079 035 $aFED01000702079 035 $a(Aleph)000702079FED01 035 $a000702079 100 $a20011217d2001----km-y0itay50------ba 101 0 $aeng 102 $aUS 105 $ay-------001yy 200 1 $a<>Introduction to probability and statistics$fVijay K. Rohatgi, A. K. MD. Ehsanes Saleh 205 $a2. ed. 210 $aNew York$cJohn Wiley & Sons$d2001 215 $aXVI, 716 p.$d28 cm 225 1 $aWiley series in probability and statistics.$iTexts and references section 610 0 $aProbabilità 676 $a519.2$v21$zita 700 1$aRohatgi,$bVijay K.$058637 701 1$aSaleh,$bA. K. Md. Ehsanes$0150888 801 0$aIT$bUNINA$gRICA$2UNIMARC 901 $aBK 912 $a990007020790403321 952 $aVI E 902$b36984$fFSPBC 959 $aFSPBC 996 $aIntroduction to probability and statistics$9474438 997 $aUNINA LEADER 02135nam0 2200493 i 450 001 CFI0306779 005 20251003044139.0 010 $a8815051899 020 $aIT$b96-1363 100 $a19951117d1995 ||||0itac50 ba 101 | $aita 102 $ait 181 1$6z01$ai $bxxxe 182 1$6z01$an 183 1$6z01$anc$2RDAcarrier 200 1 $aIngegneria costituzionale comparata$estrutture, incentivi ed esiti$fGiovanni Sartori 210 $aBologna$cIl mulino$d\1995! 215 $a225 p.$d21 cm 225 | $aContemporanea$v82 300 $aTrad. di Oreste Massari, Aldo Di Virgilio. 410 0$1001CFI0006117$12001 $aContemporanea$v82 500 10$aComparative constitutional engineering.$3CFI0306780$9CFIV062588$92813947 606 $aCostituzionalismo$2FIR$3CFIC061035$9E 676 $a320$9SCIENZA POLITICA (POLITICA E GOVERNO)$v12 676 $a320$9Scienza politica$v14 676 $a320.01$9SCIENZA POLITICA. FILOSOFIA E TEORIA$v21 676 $a320.3$9FORME COMPARATE DI GOVERNO$v19 676 $a320.3$9Forme comparate di governo.$v20 676 $a320.3$9FORME COMPARATE DI GOVERNO$v21 676 $a321$9$v21 676 $a342.03$9$v21 686 $aIT/X421.2$cQUESTIONI COSTITUZIONALI ITALIA$2R 686 $aX09.4$cSCIENZE POLITICHE POLITOLOGIA$2R 700 1$aSartori$b, Giovanni$f <1924-2017>$3CFIV062588$4070$0743513 801 3$aIT$bIT-000000$c19951117 850 $aIT-BN0095 $aIT-AV0007 $aIT-SA0272 $aIT-NA0230 901 $bNAP ES$cSALA ES $n$ 901 $bNAP AV$cMARZULLO $n$ 901 $bNAP 01$cPOZZO LIB.$nVi sono collocati fondi di economia, periodici di ingegneria e scienze, periodici di economia e statistica e altri fondi comprendenti documenti di economia pervenuti in dono. 912 $aCFI0306779 950 0$aBiblioteca Centralizzata di Ateneo$c1 v.$d 01POZZO LIB.ECON MON 3525$e 0101 0000126445E VMA 1 v.$fB $h20210322$i20210322 977 $a 01$a AV$a ES$a IR 996 $aComparative constitutional engineering$92813947 997 $aUNISANNIO